Districts of Monaco - Statistics

General Stats
  • This quiz has been taken 39 times
  • The average score is 3 of 7
Answer Stats
Starting Letter Answer % Correct
M Monte Carlo
94%
F Fontvieille
56%
M Monaco-Ville
56%
J Jardin Exotique
44%
C Condamine
39%
L Larvotto
39%
S Saint Roman
11%
No matching quizzes found
Score Distribution
Percent of People with Each Score
Percentile by Number Answered
Your Score History
You have not taken this quiz